000 00592nam a22001937a 4500
003 OSt
005 20180116183046.0
008 160721b xxu||||| |||| 00| 0 eng d
020 _a0132328445
040 _c0
082 _a510 BAR 1996
100 _aRaymond A.Barnett
245 _aStudent Solutions Manual College Mathematics
_bfor Business, Economics, Life Sciences, and Social Sciences
_cRaymond A.Barnett
250 _a7th edition
260 _aNew York
_bPrentice-Hall
_c1996
300 _a858 p.
_bPB
440 _aStudent Solutions Manual College Mathematics
942 _2ddc
_cBK
999 _c351446
_d351446